CBBC shows (UK) Quiz Stats

 Plays Quiz not verified by Sporcle

Score 0/35 Timer 10:00
0 Plays Today
% Correct
Horrible Histories
90.7%
Arthur
89.8%
Shaun the Sheep
87%
The Dumping Ground
84.4%
Danger Mouse
76.3%
Hacker Time
75.6%
Junior Masterchef
72.7%
The Next Step
66.6%
Little Roy
66.1%
Wolfblood
65.9%
Chucklevision
65.4%
Raven
63.1%
Hank Zipzer
62.7%
The Basil Brush Show
58.6%
OOglies
55.4%
Young Dracula
55.2%
4 O'clock Club
53.7%
Story of Tracy Beaker
52.8%
% Correct
M.I High
52.4%
Operation Ouch!
48.2%
Hetty Feather
48.1%
Sarah Jane Adventures
45.7%
All over the place
43.4%
Top Class
43.4%
Horrible Histories: Gory Games
42.4%
Splatalot
42.3%
Art Ninja
41.6%
Prank Patrol
41.4%
Millie inbetween
40%
Dani's Castle
37.7%
So Awkward
36.8%
Friday Download
31.2%
12 again
15.6%
Copycats
8%
Backshall's Deadly Adventures
1.6%

You're not logged in!

Compare scores with friends on all Sporcle quizzes.
OR
Log In

Sporcle TV

Today on Sporcle TV


Watch our educational content, quiz creation guides, and fun videos on Sporcle TV.

Show Comments

Extras

Created Sep 12, 2017ReportNominate
Tags:cbbc, children, UK, UK Childrens

Top Quizzes Today


Score Distribution

Your Account Isn't Verified!

In order to create a playlist on Sporcle, you need to verify the email address you used during registration. Go to your Sporcle Settings to finish the process.

Report this User

Report this user for behavior that violates our Community Guidelines.

Details: